| 000 -LEADER |
| fixed length control field |
00333nam a22001217a 4500 |
| 008 - FIXED-LENGTH DATA ELEMENTS--GENERAL INFORMATION |
| fixed length control field |
250304b ||||| |||| 00| 0 eng d |
| 020 ## - INTERNATIONAL STANDARD BOOK NUMBER |
| International Standard Book Number |
9781406364910 |
| 082 ## - DEWEY DECIMAL CLASSIFICATION NUMBER |
| Classification number |
FIC HOR |
| 100 ## - MAIN ENTRY--PERSONAL NAME |
| Personal name |
HOROWITZ,ANTHONY |
| Relator term |
AUTHOR |
| 245 ## - TITLE STATEMENT |
| Title |
ALEX RIDER |
| Remainder of title |
SNAKE HEAD |
| 260 ## - PUBLICATION, DISTRIBUTION, ETC. |
| Place of publication, distribution, etc. |
87 VAUXHALL WALK,LONDON SE11 5HJ |
| Name of publisher, distributor, etc. |
WALKER BOOKS LTD |
| Date of publication, distribution, etc. |
2015 |
| 942 ## - ADDED ENTRY ELEMENTS (KOHA) |
| Source of classification or shelving scheme |
|